| 000 | 00426cam a22001337a 4500 | ||
|---|---|---|---|
| 008 | 180718b1975 xxu||||| |||| 00| 0 eng d | ||
| 082 | _aB14 R877 | ||
| 100 | _aRuprecht, Theodore K. | ||
| 245 |
_aThe micro-economics of demographic change: family planning and economic well-being _cby Thedore K. Ruprecht and F.I. Jewett |
||
| 260 |
_aNew York _bPraeger _c1975 |
||
| 300 | _a155p. | ||
| 650 | _aFamily. | ||
| 700 | _aJewett, F.I. | ||
| 999 |
_c353070 _d353070 |
||